Estadísticas para Gentilicios de Capitales #1

Haz click aquí para intentar la prueba.

Estadísticas generales

  • Esta prueba ha sido intentada 107 veces
  • La puntuación promedio es 11 de 20

Estadísticas de respuestas

CapitalGentilicio% Correcto
MadridMadrileño
100%
ParísParisino
94%
RomaRomano
94%
LondresLondinense
80%
PekínPekinés
78%
BerlínBerlinés
77%
AtenasAteniense
72%
LimaLimeño
65%
MoscúMoscovita
54%
BogotáBogotano
51%
BernaBernés
46%
MontevideoMontevideano
41%
QuitoQuiteño
40%
BruselasBruselense
32%
Santiago de ChileSantiaguino
30%
Washington D.CWashingtoniano
28%
ÁmsterdamAmsterdamés
24%
Buenos AiresPorteño
23%
TokioTokiota
22%
BelgradoBelgradense
21%

Distribución de puntuación

Porcentaje por número respondido

Porcentaje de gente con cada puntuación

Historial de tus puntuaciones

No has intentado esta prueba.